000 01560cam a22003614a 4500
999 _c28936
_d28907
001 13822694
003 EG-ScBUE
005 20201015110103.0
008 041222t2004 nyua f b 001 0 eng d
020 _a0387233431 (alk. paper)
020 _a9780387233437
035 _a(OCoLC)ocm57392267
040 _aDLC
_beng
_erda
_cDLC
_dYDX
_dOHX
_dUKM
_dDLC
_dEG-ScBUE
082 0 4 _a006.3
_bEXT
_222
245 0 0 _aExtending Web services technologies :
_bthe use of multi-agent approaches /
_cedited by Lawrence Cavedon, Stanford University [and three others]
264 1 _aNew York, NY :
_bSpringer Science,
_c[2004]
264 4 _cc2004
300 _axi, 320 pages :
_billustrations ;
_c25 cm.
336 _2rdacontent
_atext
_btxt
337 _2rdamedia
_aunmediated
_bn
338 _2rdacarrier
_avolume
_bnc
504 _aIncludes bibliographical references and index.
650 7 _aWeb services.
_2BUEsh
650 7 _aIntelligent agents (Computer software)
_2BUEsh
653 _bMASIICCSS
_cOctober2020
655 _vReading book
_934232
700 1 _aCavedon, Lawrence,
_d1964-
_eeditor.
856 4 2 _3Publisher description
_uhttp://www.loc.gov/catdir/enhancements/fy0663/2004066227-d.html
856 4 1 _3Table of contents only
_uhttp://www.loc.gov/catdir/enhancements/fy0819/2004066227-t.html
906 _a7
_bcbc
_corignew
_d1
_eocip
_f20
_gy-gencatlg
942 _2ddc
_cBB